Score 0/20 Timer 03:00
1 Play Today
Two Clues 'E' Word % Correct
Dumbo or HortonElephant
97.2%
Presley or CostelloElvis
96%
Rice Burroughs or Allan PoeEdgar
94.8%
Sadness or AngerEmotion
93.5%
Britannica or World BookEncyclopedia
92.7%
Bald or GoldenEagle
90.1%
Marco Polo or Ferdinand MagellanExplorer
90%
Easter or FabergéEgg
87.7%
Helium or MagnesiumElement
85.9%
Hirohito or PalpatineEmperor
68.2%
Two Clues 'E' Word % Correct
Legolas or BuddyElf
67.8%
Vernal or AutumnalEquinox
66.3%
Manila or #10Envelope
65.8%
&$%@! or @#%$&!Expletive
64.9%
Barkin or BurstynEllen
60.9%
Terminix or OrkinExterminator
58.8%
Taylor or MontgomeryElizabeth
49%
Dale or LindaEvans
42.6%
John Maynard Keynes or Milton FriedmanEconomist
41.6%
William Shawn or Ben BradleeEditor
18%
Remove Ads.
Support Sporcle.
Get the best of Sporcle when you Go Orange. This ad-free experience offers more features, more stats, and more fun while also helping to support Sporcle. Thank you for becoming a member.

You're not logged in!

Compare scores with friends on all Sporcle quizzes.
OR
Log In

Show Comments

Extras

Top Quizzes Today


Score Distribution

Your Account Isn't Verified!

In order to create a playlist on Sporcle, you need to verify the email address you used during registration. Go to your Sporcle Settings to finish the process.

Report this User

Report this user for behavior that violates our Community Guidelines.

Details: